The Integral Yoga (Record no. 209774)

MARC details
000 -LEADER
fixed length control field 00597nam a22001937a 4500
005 - DATE AND TIME OF LATEST TRANSACTION
control field 20250227120642.0
010 ## - LCCN (DPL NO)
LC control number ENG-143939
020 ## - INTERNATIONAL STANDARD BOOK NUMBER
International Standard Book Number 9789352100941
Terms of availability 175.00
035 ## - SYSTEM CONTROL NUMBER
System control number EN-127471
037 ## - SOURCE OF ACQUISITION
Source of stock number/acquisition DBAD
082 ## - DEWEY DECIMAL CLASSIFICATION NUMBER
Classification number 181.499
100 ## - MAIN ENTRY--PERSONAL NAME
Personal name Sri Aurobindo
245 ## - TITLE STATEMENT
Title The Integral Yoga
Remainder of title sri Aurobindo
Medium english
260 ## - PUBLICATION, DISTRIBUTION, ETC. (IMPRINT)
Place of publication, distribution, etc Pondicherry
Name of publisher, distributor, etc Sri Aurobindo Asram Trust
Date of publication, distribution, etc 2015
270 ## - ADDRESS
Address Sri Aurobindo Ashram Publication Department
City Pondicherry
Postal code 605002
Electronic mail address htt://www.sabda.in
300 ## - PHYSICAL DESCRIPTION
Extent 408p.
Dimensions 22 cm(pbk)
700 ## - ADDED ENTRY--PERSONAL NAME
9 (RLIN) 76691
942 ## - ADDED ENTRY ELEMENTS (KOHA)
Source of classification or shelving scheme Dewey Decimal Classification
Item type English Books
Classification part 181.499
Call number suffix AUR
Holdings
Withdrawn status Lost status Not for loan Collection code Home library Current library Date acquired Source of acquisition Cost, normal purchase price Full call number Barcode Copy number Koha item type
      Non-fiction Central Library Central Library 27/02/2025 DBAD 175.00 181.499 AUR EN-127471 1 English Books

© Delhi Public Library
Hit Counter
free hit counter